000 00674nam a2200265Ia 4500
005 20260121171338.0
008 008 260114s9999 xx 000 0 eng d
020 _a9783030218591
037 _aEBOOK
040 _aCRL
040 _beng
040 _cCRL
041 _2eng
041 _aeng
084 _qCRL
100 _aAna Paula Velez, Jorge Lamarche, John N. Greene
_91075090
245 0 _aInfections in Neutropenic Cancer Patients
260 _bSpringer
260 _bSpringer
260 _c2019
856 _uhttps://link.springer.com/openurl?genre=book&isbn=978-3-030-21859-1
942 _cEBOOK
999 _c1640820
_d1640820